| 000 | 00418nam a22001697a 4500 | ||
|---|---|---|---|
| 005 | 20180411114444.0 | ||
| 008 | 160523b xxu||||| |||| 00| 0 eng d | ||
| 020 | _a81-7188-357-5 | ||
| 041 | _aeng | ||
| 082 |
_b4080 _a338.9 |
||
| 100 |
_aMusumdar/N.A. _91007 |
||
| 245 | _aEconomic Reforms Sons Development | ||
| 260 |
_aNew Delhi _bAcademic Faundation |
||
| 300 | _a203 | ||
| 650 |
_aManagement _9241 |
||
| 942 | _cBK | ||
| 999 |
_c1373 _d1373 |
||